Ανάλυση και μοντελοποίηση της κατανομής και εγκατάλειψης των αναβαθμίδων στη νήσο Λέσβο : μεταπτυχιακή διατριβή
Αποθηκεύτηκε σε:
| Κύριος συγγραφέας: | |
|---|---|
| Συγγραφή απο Οργανισμό/Αρχή: | |
| Άλλοι συγγραφείς: | |
| Μορφή: | Thesis Βιβλίο |
| Γλώσσα: | Greek |
| Δημοσίευση: |
2012.
|
| Θέματα: | |
| Διαθέσιμο Online: | http://hdl.handle.net/11610/11207 |
| Ετικέτες: |
Προσθήκη ετικέτας
Δεν υπάρχουν, Καταχωρήστε ετικέτα πρώτοι!
|
MARC
| LEADER | 00000cam a2200000 i 4500 | ||
|---|---|---|---|
| 001 | 1/34351 | ||
| 008 | 130813s2012 gre d | ||
| 035 | |l 10115258 | ||
| 040 | |a GR-MY-UA |b gre |e aacr | ||
| 041 | 0 | |a gre | |
| 082 | 0 | |a 577.55 |2 (22) | |
| 100 | 1 | |a Ντάρας, Γεώργιος. | |
| 245 | 1 | 0 | |a Ανάλυση και μοντελοποίηση της κατανομής και εγκατάλειψης των αναβαθμίδων στη νήσο Λέσβο : |b μεταπτυχιακή διατριβή / |c του Ντάρα Νίκου ; επιβλέπουσα καθηγήτρια: Πετανίδου Θεοδώρα. |
| 260 | |c 2012. | ||
| 300 | |a 86 σ. : |b διαγρ., πιν., χάρτες ; |c 30 εκ. | ||
| 500 | |a Μέλη τριμελούς επιτροπής: Κυριακίδης Φωκίων, Καλαμποκίδης Κων/νος. | ||
| 502 | |a Διατριβή (μεταπτυχιακή) - Πανεπιστήμιο Αιγαίου, Λέσβος, 2012. | ||
| 504 | |a Βιβλιογραφία: σ. 79-86. | ||
| 650 | 0 | |a Landscape protection |z Greece |z Lesbos (Municipality) | |
| 650 | 0 | 0 | |a Agricultural landscape management |z Greece |z Lesbos (Municipality) |
| 650 | 0 | |a Upland conservation |z Greece |z Lesbos (Municipality) | |
| 650 | 0 | 0 | |a Agricultural landscape management |x Geographic information systems. |
| 650 | 0 | 0 | |a Dissertations, Academic |z Greece. |
| 700 | 1 | |a Πετανίδου, Θεοδώρα, |e dgsf [Επιβλέπουσα καθηγήτρια] | |
| 710 | 2 | |a Πανεπιστήμιο Αιγαίου |b Σχολή Κοινωνικών Επιστημών |b Τμήμα Γεωγραφίας |b Μεταπτυχιακό Πρόγραμμα Σπουδών Γεωγραφία και Εφαρμοσμένη Γεωπληροφορική. | |
| 852 | |a INST |b LESVOS |c DIATR |e 20130813 |h 125 |p 005100053196 |q 005100053196 |t MTXE |y 23 | ||
| 852 | |a INST |b LESVOS |c DIATR |e 20130813 |h 126 |p 005100053195 |q 005100053195 |t MTXE |y 23 | ||
| 856 | |u http://hdl.handle.net/11610/11207 | ||
| 901 | |a BIBL1-2013-2 | ||
| 909 | |a Λ |b 181889 | ||
| 909 | |a Λ |b 181890 | ||
| 924 | |a ΝΤΑΡΑΣ |b ΓΕΩΡΓΙΟΣ |y ΛΕΣΒΟΣ |z 2013-01 | ||
| 970 | |a ΤΖΑΦΕΡΗ |b ΕΥΑΓΓΕΛΙΑ |z 2013/08/17 | ||